02428nmm a22003017a 4500003000500000005001700005007001200022008004100034010001000075011001000085020001500095035001000110040000900120041000800129110007900137245015400216260009500370300007500465336005600540337002800596338004100624516004500665520071300710538062101423546002402044650003902068650001902107CHAP20240611080359.0co ag aaaaa000411s1997 mx b d o 10 spa d a80806 a81778 a9701318110 a92258 cCHAP aspa aInstituto Nacional de Estadística, Geografía e Informática. México 0aCarta edafológica :bcobertura nacional 1:1,000.00 serie 1c/por Instituto Nacional de Estadística, Geografía e Informáticah[disco compacto] aMéxico, D.F. :bInstituto Nacional de Estadística, Geografía e Informática,c1997. a1 disco compacto (CD) :c4 3/4 plgs.(12 cm.)bmapas.e+ 1 Instructivo. 2rdacontent aconjunto de datos cartográficosbcrd 2rdamedia aordenadorbc 2rdacarrieradisco de computadorabcd aNuméricos (Estadísticas, resumidas). aEn este disco compacto forma parte de la Serie I de la colección mencionada y contiene la Carta Edafológica Escala 1: 1 000 000 editada originalmente en 1981 y 1982. Para consultar información más actualizada, el usuario puede acudir a los Centros de información INEGI, ubicados en las 32 entidades federativas del país, en los domicilios que aparecen en este cuadernillo. En las imágenes de la Carta Edafológica Escala 1: 1 000 000, se muestra la distribución geográfica de las unidades de suelo más representativa, sus fases físicas y químicas y su clase textural. Las unidades de suelo se clasifican de acuerdo con el Sistema FAO/UNESCO de 1968 modificado por el INEGI´en 1970. aRequerimiento de Equipo : Computadora personal con procesador 80386 ó superior. Windows 3.1 ó superior. Paquete para edición de imágenes que acepte formato BMP (para las imágenes de inspección); en cuyo caso se requiere un espacio de trabajo en disco duro de 30 MB. Paquete para procesamiento de imágenes o sistema de información geográfica que acepte archivos TIFF comprimidos con el método LZW (para imágenes de resolución completa); en cuyo caso se requiere un espacio de trabajo en disco duro de 120 MB. 8Mb de memoria RAM. Unidad lectora de Disco Compacto (CD-ROM). Ratón. Monitor VGA. aTexto en español.14aSuelosxClasificaciónxMéxico.14aSuelosxMapas.